<?xml version="1.0" encoding="UTF-8"?>
<record
    xmlns:xsi="http://www.w3.org/2001/XMLSchema-instance"
    xsi:schemaLocation="http://www.loc.gov/MARC21/slim http://www.loc.gov/standards/marcxml/schema/MARC21slim.xsd"
    xmlns="http://www.loc.gov/MARC21/slim">

  <leader>03154nam a2200193 a 4500</leader>
  <controlfield tag="008">161215t1973    ag a|||g |||| 00| 1 spa d</controlfield>
  <datafield tag="041" ind1=" " ind2=" ">
    <subfield code="a">spa</subfield>
  </datafield>
  <datafield tag="092" ind1=" " ind2=" ">
    <subfield code="c">573</subfield>
    <subfield code="l">15</subfield>
    <subfield code="s">DAR</subfield>
  </datafield>
  <datafield tag="100" ind1="1" ind2=" ">
    <subfield code="a">Darwin, Charles</subfield>
    <subfield code="9">3211</subfield>
  </datafield>
  <datafield tag="245" ind1=" " ind2="3">
    <subfield code="a">El origen del hombre y la selecci&#xF3;n en relaci&#xF3;n al sexo /</subfield>
    <subfield code="c">Charles Darwin</subfield>
  </datafield>
  <datafield tag="250" ind1=" " ind2=" ">
    <subfield code="a">2a ed.</subfield>
    <subfield code="b">Pr&#xF3;logo y traducci&#xF3;n Marcos Mayer</subfield>
  </datafield>
  <datafield tag="260" ind1=" " ind2=" ">
    <subfield code="a">Buenos Aires:</subfield>
    <subfield code="b">Albatros;</subfield>
    <subfield code="c">1973.</subfield>
  </datafield>
  <datafield tag="300" ind1=" " ind2=" ">
    <subfield code="a">797 p.</subfield>
    <subfield code="b">Ilustrada con grabados y l&#xE1;minas en colores</subfield>
  </datafield>
  <datafield tag="500" ind1=" " ind2=" ">
    <subfield code="a">Darwin, C. (1973). El origen del hombre y la selecci&#xF3;n en relaci&#xF3;n al sexo. (2a ed.). Buenos Aires : Albatros.</subfield>
  </datafield>
  <datafield tag="505" ind1=" " ind2=" ">
    <subfield code="a">La idea inexacta que ordinariamente se tiene de la teor&#xED;a darwinista, el traducir a nuestra rica lengua una obra que ha merecido el pl&#xE1;ceme y aprobaci&#xF3;n de todo pa&#xED;s civilizado y el enriquecer nuestros conocimientos naturales con la inmensa suma de datos que la inagotable erudici&#xF3;n de Darwin acumula en la presente obra, han sido los principales m&#xF3;viles que nos han impulsado a emprender este trabajo. La importancia de Darwin, como sabio fisi&#xF3;logo y eminente naturista, no necesita encarecimientos, pues ya ha sido suficientemente juzgada por los cr&#xED;ticos de todos los pa&#xED;ses. Bastar&#xED;a solamente que citemos su principales obras, de las cuales tan s&#xF3;lo El origen de las especies ha sido traducida al castellano,siendo &#xE9;sta en verdad la que ha merecido mayores elogios. La siguen en importancia Viaje de un naturalista alrededor del mundo, Variaciones de los animales y las plantas bajo la domesticaci&#xF3;n, Expresi&#xF3;n de las emociones en el hombre y los animales, Plantas insect&#xED;voras, Movimientos y h&#xE1;bitos de las plantas trepadoras, Efectos del cruzamiento y propia fertilizaci&#xF3;n en el reino vegetal, Diferentes formas de flores y plantas de la misma especie, Poder de movimiento de las plantas, Formaci&#xF3;n del moho vegetal mediante la acci&#xF3;n de los gusanos, Estructura y distribuci&#xF3;n de los arrecifes de coral, Observaciones geol&#xF3;gicas sobre las islas volc&#xE1;nicas y partes de la Am&#xE9;rica del Sur. Public&#xF3; ademas algunas otras y varias monograf&#xED;as importantes, revel&#xE1;ndose en todos sus trabajos el inmenso caudal de conocimiento que pose&#xED;a, as&#xED; como un profundo esp&#xED;ritu de observaci&#xF3;n a que debi&#xF3; el descubrimiento de las leyes de selecci&#xF3;n sexual y natural que tanta importancia le han dado como fil&#xF3;sofo. Su verdadero m&#xE9;rito consiste no en haber descubierto la teor&#xED;a de la evoluci&#xF3;n, pues &#xE9;sta es antiqu&#xED;sima, sino en haberla desarrollado de tan admirable manera, merced a la aplicaci&#xF3;n de su extenso saber en las ciencias naturales. Despu&#xE9;s de tan laboriosa vida, muri&#xF3; ha poco de ilustre Darwin, llevando a la tumba la envidiable gloria de sus grandes servicios prestados a la ciencia y de haber creado una teor&#xED;a que, a pesar de sus muchos detractores, cuenta con innumerables adeptos y sabios continuadores. Si hemos interpretado fielmente la claridad de estilo y la solidez de bases del ilustre autor, se ver&#xE1;n recompensados nuestros esfuerzos y develados en la interpretaci&#xF3;n de tan espinosa materia. </subfield>
  </datafield>
  <datafield tag="590" ind1=" " ind2=" ">
    <subfield code="a">Donaci&#xF3;n Mayo 2018</subfield>
  </datafield>
  <datafield tag="655" ind1=" " ind2=" ">
    <subfield code="a">Literatura</subfield>
    <subfield code="9">2917</subfield>
  </datafield>
  <datafield tag="942" ind1=" " ind2=" ">
    <subfield code="2">ddc</subfield>
    <subfield code="c">LIT</subfield>
  </datafield>
  <datafield tag="999" ind1=" " ind2=" ">
    <subfield code="c">2810</subfield>
    <subfield code="d">2810</subfield>
  </datafield>
  <datafield tag="952" ind1=" " ind2=" ">
    <subfield code="0">0</subfield>
    <subfield code="1">0</subfield>
    <subfield code="2">ddc</subfield>
    <subfield code="4">0</subfield>
    <subfield code="7">0</subfield>
    <subfield code="a">BFM</subfield>
    <subfield code="b">BFM</subfield>
    <subfield code="c">CR</subfield>
    <subfield code="d">2018-05-30</subfield>
    <subfield code="e">Donaci&#xF3;n Mayo 2018.</subfield>
    <subfield code="l">1</subfield>
    <subfield code="o">573 15 DAR</subfield>
    <subfield code="p">4323</subfield>
    <subfield code="r">2018-08-16</subfield>
    <subfield code="s">2018-08-10</subfield>
    <subfield code="t">Ej. 1</subfield>
    <subfield code="w">2018-05-30</subfield>
    <subfield code="y">LIT</subfield>
    <subfield code="z">Proyecto 4to libro. Donaci&#xF3;n Mayo 2018.</subfield>
  </datafield>
</record>
